000 00840nam a2200241Ia 4500
003 OSt
005 20220923230405.0
006 a|||||r|||| 00| 0
007 ta
008 220922b |||||||| |||| 00| 0 guj d
024 _a280,300
037 _cTextual
040 _aARTS
_cARTS
_bguj
041 _2guj
_aguj
082 _aP1518, 156H9
100 _aहेमचंद्र सूरि
245 0 _aअपभ्रंश व्याकरण, अनु केशवराम का शास्त्री
246 _aApabhransha vyākaraṇa, anu0 keshavarām kā shāstrī
260 _aअमदावाद
_b गुजरात विद्यासभा
_c1949
300 _a144पृ0
_ccm.
942 _hP1518, 156H9
_cTEXL
_2CC
999 _c384484
_d384484